| 000 | 00616nam a2200265Ia 4500 | ||
|---|---|---|---|
| 008 | 190123s9999 xx 000 0 und d | ||
| 020 | _a9780439879958 | ||
| 050 | _bM886 2008 | ||
| 100 | _aMorse, Scott | ||
| 245 | 0 | _aMagic pickle / | |
| 245 | 0 | _cby Scott Morse. | |
| 260 | _aNew York, New York : | ||
| 260 | _bScholastic, | ||
| 260 | _c2008 | ||
| 300 | _aunpaged : | ||
| 300 | _bcolored illustrations ; | ||
| 300 | _c23cm. | ||
| 500 | _a740L | ||
| 650 | _aChildren. | ||
| 650 | _aGraphic novels. | ||
| 650 | _aPickles. | ||
| 650 | _aSuperheroes. | ||
| 650 | _aVegetables. | ||
| 700 | _aTitle. | ||
| 999 |
_c361191 _d361191 |
||